Soil properties : (Record no. 2592)
[ view plain ]
| 000 -LEADER | |
|---|---|
| fixed length control field | 01153nam a22003015a 4500 |
| 006 - FIXED-LENGTH DATA ELEMENTS--ADDITIONAL MATERIAL CHARACTERISTICS--GENERAL INFORMATION | |
| fixed length control field | a||||f ||z| 00| 0 |
| 008 - FIXED-LENGTH DATA ELEMENTS--GENERAL INFORMATION | |
| fixed length control field | 080908t2003 njua|||fr|||| 00| 0 eng d |
| 010 ## - LIBRARY OF CONGRESS CONTROL NUMBER | |
| LC control number | 2002017088 |
| 020 ## - INTERNATIONAL STANDARD BOOK NUMBER | |
| International Standard Book Number | 0130930059 |
| 020 ## - INTERNATIONAL STANDARD BOOK NUMBER | |
| International Standard Book Number | 9780130930057 |
| 040 ## - CATALOGING SOURCE | |
| Original cataloging agency | EG-ScBUE |
| Language of cataloging | eng |
| Transcribing agency | EG-ScBUE |
| 082 04 - DEWEY DECIMAL CLASSIFICATION NUMBER | |
| Classification number | 624.151360287 |
| Item number | LIU |
| Edition number | 22 |
| 100 1# - MAIN ENTRY--PERSONAL NAME | |
| Personal name | Liu, Cheng, |
| 9 (RLIN) | 5344 |
| 245 10 - TITLE STATEMENT | |
| Title | Soil properties : |
| Remainder of title | testing, measurement, and evaluation / |
| Statement of responsibility, etc | Cheng Liu, Jack B. Evett. |
| 250 ## - EDITION STATEMENT | |
| Edition statement | 5th ed. |
| 260 ## - PUBLICATION, DISTRIBUTION, ETC. (IMPRINT) | |
| Place of publication, distribution, etc | Upper Saddle River : |
| Name of publisher, distributor, etc | Prentice Hall, |
| Date of publication, distribution, etc | c.2003. |
| 300 ## - PHYSICAL DESCRIPTION | |
| Extent | viii, 424 p. : |
| Other physical details | ill. ; |
| Dimensions | 28 cm. + |
| Accompanying material | 1 CD-ROM (4 3/4 in.) |
| 504 ## - BIBLIOGRAPHY, ETC. NOTE | |
| Bibliography, etc | Includes bibliographical references. |
| 538 ## - SYSTEM DETAILS NOTE | |
| System details note | System requirements for accompanying CD-ROM: IBM PC or compatible system; Windows 95 or higher. |
| 590 ## - LOCAL NOTE (RLIN) | |
| Local note | yassmeen ashraf |
| 650 #0 - SUBJECT ADDED ENTRY--TOPICAL TERM | |
| Topical term or geographic name as entry element | Soil mechanics. |
| 9 (RLIN) | 5345 |
| Source of heading or term | BUEsh |
| 650 #0 - SUBJECT ADDED ENTRY--TOPICAL TERM | |
| Topical term or geographic name as entry element | Soils |
| General subdivision | Testing. |
| 9 (RLIN) | 5346 |
| Source of heading or term | BUEsh |
| 651 ## - SUBJECT ADDED ENTRY--GEOGRAPHIC NAME | |
| Source of heading or term | BUEsh |
| 653 ## - INDEX TERM--UNCONTROLLED | |
| Resource For college | Engineering, General |
| Arrived date list | August2015 |
| 655 ## - INDEX TERM--GENRE/FORM | |
| Genre/form data or focus term | Geotechnics and Engineering Geology- Year 1 |
| Form subdivision | |
| General subdivision | Engineering |
| Chronological subdivision | Semester 2. 2008/2009 |
| 700 1# - ADDED ENTRY--PERSONAL NAME | |
| Personal name | Evett, Jack B., |
| Dates associated with a name | 1942- |
| 9 (RLIN) | 5347 |
| 942 ## - ADDED ENTRY ELEMENTS (KOHA) | |
| Item type | Book - Borrowing |
| Call number prefix | 624.151360287 LIU |
| Source of classification or shelving scheme | Dewey Decimal Classification |
| Withdrawn status | Item status | Source of classification or shelving scheme | Damaged status | Not for loan | Home library | Current library | Shelving location | Date acquired | Source of acquisition | Total Checkouts | Full call number | Barcode | Date last seen | Koha item type | Total Renewals | Date last borrowed | Materials specified (bound volume or other part) |
|---|---|---|---|---|---|---|---|---|---|---|---|---|---|---|---|---|---|
| Dewey Decimal Classification | Central Library | Central Library | First floor | 26/02/2007 | Purchase | 624.151360287 LIU | 000001609 | 15/07/2025 | Book - Borrowing | ||||||||
| Dewey Decimal Classification | Central Library | Central Library | First floor | 08/02/2011 | Purchase | 4 | 624.151360287 LIU | 000009513 | 15/07/2025 | Book - Borrowing | 1 | 07/06/2018 | |||||
| Lost | Dewey Decimal Classification | Central Library | Central Library | First floor | 07/09/2008 | Purchase | 1 | 624.151360287 LIU | 000013505 | 04/04/2012 | NB - Book (Non borrowing) | 27/04/2009 | Lost In Inventory_2005-2015/8/22 | ||||
| Dewey Decimal Classification | Central Library | Central Library | First floor | 07/09/2008 | Purchase | 624.151360287 LIU | 000013506 | 24/08/2022 | CD | DVD - With book | ||||||||
| Dewey Decimal Classification | Central Library | Central Library | First floor | 18/08/2015 | Purchase | 1 | 624.151360287 LIU | 000009517 | 15/07/2025 | Book - Borrowing | 15 | 31/03/2021 | |||||
| Dewey Decimal Classification | Central Library | Central Library | First floor | 18/08/2015 | Purchase | 624.151360287 LIU | 000009783 | 24/08/2022 | CD | DVD - With book | ||||||||
| Dewey Decimal Classification | Central Library | Central Library | First floor | 18/08/2015 | Purchase | 624.151360287 LIU | 000009792 | 24/08/2022 | CD | DVD - With book | ||||||||
| Dewey Decimal Classification | Central Library | Central Library | First floor | 18/08/2015 | Purchase | 624.151360287 LIU | 000007513 | 24/08/2022 | CD | DVD - With book |